Chenopodium quinoa saponins , biopesticide registration action document

Segn͠ este documento, las saponinas provenientes de la quinua se clasifican como un pesticida bioqum̕ico porque se derivan de un extracto de semilla de esta planta y, adems̀, tienen un modo de accin̤ <U+0093>no tx̤ico<U+0094>. En třminos qum̕icos, las saponinas incluyen un conjunto de c...

Descrición completa

Gardado en:
Detalles Bibliográficos
Outros autores: Office of Pesticide Programs / U.S. Environmental, U.S. Environmental Protection Agency (U.S. EPA)
Formato: Libro
Idioma:inglés
Subjects:
Acceso en liña:Chenopodium quinoa saponins , biopesticide registration action document
Tags: Engadir etiqueta
Sen Etiquetas, Sexa o primeiro en etiquetar este rexistro!

MARC

LEADER 00000nam a22000004a 4500
001 vpro8986
005 20201223000000.0
008 150814s2015 ck # g## #001 0#eng#d
020
022
040 |a CO-BoINGC 
041 0 |a eng 
245 1 0 |a Chenopodium quinoa saponins , biopesticide registration action document 
246 |a Chenopodium quinoa saponinas : documento de accin̤ de registro de biopesticidas 
264 |a Bogot ̀(Colombia) :  |b Revista VirtualPRO,  |c 2015 
520 3 |a Segn͠ este documento, las saponinas provenientes de la quinua se clasifican como un pesticida bioqum̕ico porque se derivan de un extracto de semilla de esta planta y, adems̀, tienen un modo de accin̤ <U+0093>no tx̤ico<U+0094>. En třminos qum̕icos, las saponinas incluyen un conjunto de compuestos relacionados que comprenden aproximadamente cantidades equimolares de glics̤idos bidesmosd̕icos de c̀ido oleanl̤icos, hederagenina y c̀ido fitolacagňico.Un pesticida fabricado con saponinas, HeadsUpʼ Plant Protectant, se destina para usarlo como tratamiento de semillas en tubřculos, legumbres y cereales o como baǫ de raz̕ (root dip) presiembra para trasplantes con el fin de prevenir el crecimiento de hongos, bacterias y el surgimiento de enfermedades virales. Tambiň est ̀diseądo como tratamiento foliar de una sola aplicacin̤ en vs̀tagos de tomate previo a su trasplante. 
650 \ \ |a Salud 
650 \ \ |a Quinua 
650 \ \ |a Plaguicidas 
650 \ \ |a Agroindustria 
650 \ \ |a Health 
650 \ \ |a Quinoa 
650 \ \ |a Pesticides 
650 \ \ |a Agro-industry 
650 \ \ |a Granos andinos 
650 \ \ |a Saponinas 
650 \ \ |a Biopesticidas 
650 \ \ |a Propiedades fs̕ico<U+0096>qum̕icas 
650 \ \ |a Evaluacin̤ ambiental 
650 \ \ |a Andean grains 
650 \ \ |a Saponins 
650 \ \ |a Biopesticides 
650 \ \ |a Physical-chemical properties 
650 \ \ |a Environmental assessment  
700 \ \ |a  Office of Pesticide Programs / U.S. Environmental  
700 \ \ |a U.S. Environmental Protection Agency (U.S. EPA) 
856 |z Chenopodium quinoa saponins , biopesticide registration action document  |u https://virtualpro.unach.elogim.com/biblioteca/chenopodium-quinoa-saponinas-documento-de-accion-de-registro-de-biopesticidas